<?xml version="1.0" encoding="UTF-8"?>
<record
    xmlns:xsi="http://www.w3.org/2001/XMLSchema-instance"
    xsi:schemaLocation="http://www.loc.gov/MARC21/slim http://www.loc.gov/standards/marcxml/schema/MARC21slim.xsd"
    xmlns="http://www.loc.gov/MARC21/slim">

  <leader>00441nam a22001817a 4500</leader>
  <datafield tag="999" ind1=" " ind2=" ">
    <subfield code="c">6279</subfield>
    <subfield code="d">6277</subfield>
  </datafield>
  <controlfield tag="005">20210906145516.0</controlfield>
  <controlfield tag="008">200518b        xxu||||| |||| 00| 0 eng d</controlfield>
  <datafield tag="020" ind1=" " ind2=" ">
    <subfield code="a">9789384875077</subfield>
  </datafield>
  <datafield tag="041" ind1=" " ind2=" ">
    <subfield code="a">eng</subfield>
  </datafield>
  <datafield tag="082" ind1=" " ind2=" ">
    <subfield code="a">615.1 KER</subfield>
  </datafield>
  <datafield tag="100" ind1=" " ind2=" ">
    <subfield code="a">Sourabh Brajesh Yadav, Vimal</subfield>
    <subfield code="9">6894</subfield>
  </datafield>
  <datafield tag="245" ind1=" " ind2=" ">
    <subfield code="a">GENERAL PHARMACY</subfield>
  </datafield>
  <datafield tag="250" ind1=" " ind2=" ">
    <subfield code="a">1'ST</subfield>
  </datafield>
  <datafield tag="260" ind1=" " ind2=" ">
    <subfield code="a">Modinagar UP</subfield>
    <subfield code="b">Unnati Publication</subfield>
    <subfield code="c">2019</subfield>
  </datafield>
  <datafield tag="300" ind1=" " ind2=" ">
    <subfield code="a">208</subfield>
  </datafield>
  <datafield tag="650" ind1=" " ind2=" ">
    <subfield code="a">Pharmacy</subfield>
    <subfield code="9">6895</subfield>
  </datafield>
  <datafield tag="942" ind1=" " ind2=" ">
    <subfield code="c">BK</subfield>
  </datafield>
  <datafield tag="952" ind1=" " ind2=" ">
    <subfield code="0">0</subfield>
    <subfield code="1">0</subfield>
    <subfield code="4">0</subfield>
    <subfield code="7">0</subfield>
    <subfield code="8">REF</subfield>
    <subfield code="a">JRU</subfield>
    <subfield code="b">MAIN</subfield>
    <subfield code="c">SHELF-4-C</subfield>
    <subfield code="d">2020-05-18</subfield>
    <subfield code="e">PURCHASE</subfield>
    <subfield code="g">237.00</subfield>
    <subfield code="l">0</subfield>
    <subfield code="o">615.1 KER</subfield>
    <subfield code="p">23985</subfield>
    <subfield code="r">2020-05-18 00:00:00</subfield>
    <subfield code="w">2020-05-18</subfield>
    <subfield code="y">BK</subfield>
  </datafield>
  <datafield tag="952" ind1=" " ind2=" ">
    <subfield code="0">0</subfield>
    <subfield code="1">0</subfield>
    <subfield code="4">0</subfield>
    <subfield code="7">0</subfield>
    <subfield code="8">PHARMACY</subfield>
    <subfield code="a">JRU</subfield>
    <subfield code="b">JRU</subfield>
    <subfield code="c">Shelf - 23- B</subfield>
    <subfield code="d">2020-05-18</subfield>
    <subfield code="e">PURCHASE</subfield>
    <subfield code="g">237.00</subfield>
    <subfield code="l">0</subfield>
    <subfield code="o">615.1 KER</subfield>
    <subfield code="p">23986</subfield>
    <subfield code="r">2020-05-18 00:00:00</subfield>
    <subfield code="w">2020-05-18</subfield>
    <subfield code="y">BK</subfield>
  </datafield>
  <datafield tag="952" ind1=" " ind2=" ">
    <subfield code="0">0</subfield>
    <subfield code="1">0</subfield>
    <subfield code="4">0</subfield>
    <subfield code="7">0</subfield>
    <subfield code="8">PHARMACY</subfield>
    <subfield code="a">JRU</subfield>
    <subfield code="b">JRU</subfield>
    <subfield code="c">Shelf - 23- B</subfield>
    <subfield code="d">2020-05-18</subfield>
    <subfield code="e">PURCHASE</subfield>
    <subfield code="g">237.00</subfield>
    <subfield code="l">0</subfield>
    <subfield code="o">615.1 KER</subfield>
    <subfield code="p">23987</subfield>
    <subfield code="r">2020-05-18 00:00:00</subfield>
    <subfield code="w">2020-05-18</subfield>
    <subfield code="y">BK</subfield>
  </datafield>
  <datafield tag="952" ind1=" " ind2=" ">
    <subfield code="0">0</subfield>
    <subfield code="1">0</subfield>
    <subfield code="4">0</subfield>
    <subfield code="7">0</subfield>
    <subfield code="8">PHARMACY</subfield>
    <subfield code="a">JRU</subfield>
    <subfield code="b">JRU</subfield>
    <subfield code="c">Shelf - 23- B</subfield>
    <subfield code="d">2020-05-18</subfield>
    <subfield code="e">PURCHASE</subfield>
    <subfield code="g">237.00</subfield>
    <subfield code="l">0</subfield>
    <subfield code="o">615.1 KER</subfield>
    <subfield code="p">23988</subfield>
    <subfield code="r">2020-05-18 00:00:00</subfield>
    <subfield code="w">2020-05-18</subfield>
    <subfield code="y">BK</subfield>
  </datafield>
  <datafield tag="952" ind1=" " ind2=" ">
    <subfield code="0">0</subfield>
    <subfield code="1">0</subfield>
    <subfield code="4">0</subfield>
    <subfield code="7">0</subfield>
    <subfield code="8">PHARMACY</subfield>
    <subfield code="a">JRU</subfield>
    <subfield code="b">JRU</subfield>
    <subfield code="c">Shelf - 23- B</subfield>
    <subfield code="d">2020-05-18</subfield>
    <subfield code="e">PURCHASE</subfield>
    <subfield code="g">237.00</subfield>
    <subfield code="l">0</subfield>
    <subfield code="o">615.1 KER</subfield>
    <subfield code="p">23989</subfield>
    <subfield code="r">2020-05-18 00:00:00</subfield>
    <subfield code="w">2020-05-18</subfield>
    <subfield code="y">BK</subfield>
  </datafield>
</record>
